000 00489nam a2200193Ia 4500
003 OSt
005 20230419122252.0
008 210423s2011 xx 000 0 und d
020 _a9789381335154
040 _cAL
041 _aeng
082 _a658.421
_223
_bGUPS
100 _aGUPTA (S L);MITTAL (Arun).
_990562
245 _aEntrepreneurship development
260 _aNew Delhi
_bInternational Book House
_c2011
300 _axiv,519
_bPB
365 _b345
_cINR
942 _2ddc
_cBK
999 _c160743
_d160743